000 00473nam a2200181Ia 4500
001 8320
005 20260306160600.0
008 260306t2016||||xx |||||||||||||| ||spa||
041 _aESP
082 _a370.154
_bG24
100 _aGarcía Ricondo, Beatriz
_eAUT
245 0 _aCoaching práctico en educación:
_btransformando sueños en aprendizajes
260 _c2016
300 _a334 páginas :
_c23 cm.
650 _aGEN
654 _aCED
942 _cLIB
_dJUS
_fJUS
_2ddc
_n
999 _c8320
_d8320